Book Series Quiz Stats

Quiz not verified by Sporcle

Also try: Young Adult Bunker
Challenge
Share
Tweet
Embed
Score 0/34 Timer 05:00
0 Plays Today
Book Series Name Books % Correct
Harry PotterThe Sorcerer's Stone
94.4%
Harry PotterThe Chamber of Secrets
88.9%
Harry PotterThe Goblet of Fire
88.9%
Harry PotterThe Order of Phoenix
88.9%
Harry PotterThe Prisoner of Azkaban
83.3%
Harry PotterThe Half Blood Prince
83.3%
Harry PotterThe Deathly Hallows
83.3%
Series of Unfortunate EventsThe End
83.3%
Percy Jackson and the OlympiansThe Lightning Thief
77.8%
Series of Unfortunate EventsThe Bad Beginning
66.7%
Series of Unfortunate EventsThe Reptile Room
66.7%
Percy Jackson and the OlympiansThe Sea of Monsters
61.1%
Percy Jackson and the OlympiansThe Titan's Curse
61.1%
Percy Jackson and the OlympiansThe Last Olympian
61.1%
Percy Jackson and the OlympiansThe Battle of the Labyrinth
55.6%
Series of Unfortunate EventsThe Wide Window
55.6%
The Lord of the RingsThe Fellowship of the Ring
55.6%
Book Series Name Books % Correct
Series of Unfortunate EventsThe Austere Academy
50%
Series of Unfortunate EventsThe Ersatz Elevator
50%
Series of Unfortunate EventsThe Hostile Hospital
50%
The Lord of the RingsThe Return of the King
50%
Series of Unfortunate EventsThe Slippery Slope
44.4%
Series of Unfortunate EventsThe Penultimate Peril
38.9%
Series of Unfortunate EventsThe Miserable Mill
33.3%
Series of Unfortunate EventsThe Vile Village
33.3%
Series of Unfortunate EventsThe Carnivorous Carnival
33.3%
Series of Unfortunate EventsThe Grim Grotto
33.3%
The Lord of the RingsThe Two Towers
33.3%
The Hardy BoysThe Tower Treasure
11.1%
The Hardy BoysThe House on the Cliff
5.6%
The Hardy BoysThe Secret of the old Mill
5.6%
The Hardy BoysThe Missing Chums
5.6%
The Hardy BoysHunting for Hidden Gold
0%
The Hardy BoysThe Shore Road Mystery
0%

You're not logged in!

Compare scores with friends on all Sporcle quizzes.
Sign Up with Email
OR
Log In

You Might Also Like...

Show Comments

Extras

Top Quizzes Today


Score Distribution

Your Account Isn't Verified!

In order to create a playlist on Sporcle, you need to verify the email address you used during registration. Go to your Sporcle Settings to finish the process.